000 00582nmm a2200169Ia 4500
008 251105s9999||||xx |||||||||||||||||und||
020 _a9788437067872
041 _aspa
100 _aEspino López, Antonio
245 0 _aGuerra, fisco y fueros :
_b La defensa de la Corona de Aragón en tiempos de Carlos II, 1665-1700
264 _a[Madrid, España] :
_bPublicaciones de la Universidad de Valencia (PUV),
_c2007
300 _a328 páginas
490 _aHistoria
650 _aHistory of Europe: Spain
856 _uhttps://public.digitaliapublishing.com/a/35246
942 _cCF
999 _c82389
_d82389